UM Logo

Essentials of terrorism: (Record no. 1316)

MARC details
000 -LEADER
fixed length control field 00595nam a22001817a 4500
008 - FIXED-LENGTH DATA ELEMENTS--GENERAL INFORMATION
fixed length control field 160317b xxu||||| |||| 00| 0 eng d
020 ## - INTERNATIONAL STANDARD BOOK NUMBER
International Standard Book Number 978-1-4522-5665-8
082 ## - DEWEY DECIMAL CLASSIFICATION NUMBER
Edition number 2014
Classification number DC 363.325
Item number M36
100 ## - MAIN ENTRY--PERSONAL NAME
9 (RLIN) 3873
Personal name Martin, Gus
245 ## - TITLE STATEMENT
Title Essentials of terrorism:
Remainder of title Concepts and controversies/
Statement of responsibility, etc. Gus Martin.
250 ## - EDITION STATEMENT
Edition statement Third Edition
260 ## - PUBLICATION, DISTRIBUTION, ETC. (IMPRINT)
Place of publication, distribution, etc. California:
Name of publisher, distributor, etc. SAGE Publications, Inc.,
Date of publication, distribution, etc. ©2014.
300 ## - PHYSICAL DESCRIPTION
Extent xviii, 343 pages:
Other physical details illustrations;
Dimensions 23 cm.
500 ## - GENERAL NOTE
General note Includes bibliographical references and index.
650 #0 - SUBJECT ADDED ENTRY--TOPICAL TERM
9 (RLIN) 3883
Topical term or geographic name as entry element Terrorism
365 ## - TRADE PRICE
Price amount 4,714.00
Currency code Php
942 ## - ADDED ENTRY ELEMENTS (KOHA)
Source of classification or shelving scheme Dewey Decimal Classification
Koha item type Circulation
Holdings
Withdrawn status Lost status Source of classification or shelving scheme Damaged status Not for loan Collection code Home library Current library Date acquired Source of acquisition Total Checkouts Full call number Barcode Date last seen Copy number Cost, replacement price Price effective from Koha item type Shelving location Date last checked out
    Dewey Decimal Classification     Circulation UM Digos College - LIC UM Digos College - LIC 01/21/2014 Purchased   DC 363.325 M36 2014 22178 05/15/2025 1 4714.00 03/17/2016 Circulation    
    Dewey Decimal Classification     Circulation UM Digos College - LIC UM Digos College - LIC 01/21/2014 Purchased 7 DC 363.325 M36 2014 22179 05/15/2025 2 4714.00 03/18/2016 Circulation Book Cart 04/18/2023